000 00632nam a22001457a 4500
020 _qPB.
040 _cFIZZA ISHAQ
082 _a643.12
_bILY
100 _aGLINK,R.ILYCE.
_9134244
245 _aQUESTIONS EVERY FIRST-TIME HOME BUYER SHOULD ASK WITH ANSWERS FROM TOP BROKERS FROM AROUND THE COUNTRY /
_cILYCE R.GLINK.
250 _a3RD ED.
260 _aNEW YORK ;
_bTHREE RIVERS PRESS,
_c2005.
300 _a490 P. ;
_c9.5X7.7IN
942 _2ddc
_cBK
999 _c617222
_d617222